<?xml version="1.0" encoding="UTF-8"?><record xmlns="http://www.loc.gov/MARC21/slim" xmlns:zs="http://docs.oasis-open.org/ns/search-ws/sruResponse">
  <leader>01538ctm a22003373a 4500</leader>
  <controlfield tag="001">21408281</controlfield>
  <controlfield tag="005">20250607100842.4</controlfield>
  <controlfield tag="008">950909s1913    xxu           000 d eng  </controlfield>
  <datafield ind1=" " ind2=" " tag="035">
    <subfield code="a">21408281</subfield>
  </datafield>
  <datafield ind1=" " ind2=" " tag="906">
    <subfield code="a">0</subfield>
    <subfield code="b">cbc</subfield>
    <subfield code="c">premunv</subfield>
    <subfield code="d">u</subfield>
    <subfield code="e">ncip</subfield>
    <subfield code="f">19</subfield>
    <subfield code="g">y-gencatlg</subfield>
  </datafield>
  <datafield ind1=" " ind2=" " tag="010">
    <subfield code="a">  2018758240</subfield>
  </datafield>
  <datafield ind1=" " ind2=" " tag="017">
    <subfield code="a">D32152</subfield>
    <subfield code="b">U.S. Copyright Office</subfield>
  </datafield>
  <datafield ind1=" " ind2=" " tag="035">
    <subfield code="a">var95-000480</subfield>
  </datafield>
  <datafield ind1=" " ind2=" " tag="040">
    <subfield code="a">DLC</subfield>
    <subfield code="b">eng</subfield>
    <subfield code="c">DLC</subfield>
  </datafield>
  <datafield ind1="1" ind2=" " tag="100">
    <subfield code="a">Washburne, John H.</subfield>
  </datafield>
  <datafield ind1="1" ind2="2" tag="245">
    <subfield code="a">A happy home :</subfield>
    <subfield code="b">a comedy sketch in one scene /</subfield>
    <subfield code="c">by John H. Washburne.</subfield>
  </datafield>
  <datafield ind1=" " ind2=" " tag="260">
    <subfield code="c">1913</subfield>
  </datafield>
  <datafield ind1=" " ind2=" " tag="300">
    <subfield code="a">9 leaves</subfield>
  </datafield>
  <datafield ind1=" " ind2=" " tag="336">
    <subfield code="a">text</subfield>
    <subfield code="b">txt</subfield>
    <subfield code="2">rdacontent</subfield>
  </datafield>
  <datafield ind1=" " ind2=" " tag="337">
    <subfield code="a">unmediated</subfield>
    <subfield code="b">n</subfield>
    <subfield code="2">rdamedia</subfield>
  </datafield>
  <datafield ind1=" " ind2=" " tag="338">
    <subfield code="a">volume</subfield>
    <subfield code="b">nc</subfield>
    <subfield code="2">rdacarrier</subfield>
  </datafield>
  <datafield ind1=" " ind2=" " tag="530">
    <subfield code="a">Also available in digital form on the Library of Congress Web site.</subfield>
  </datafield>
  <datafield ind1=" " ind2=" " tag="653">
    <subfield code="a">housework</subfield>
    <subfield code="a">gender identity -- women -- domesticity</subfield>
    <subfield code="a">occupation -- domestic servants</subfield>
    <subfield code="a">marital relations -- marital conflict</subfield>
    <subfield code="a">gender stereotypes -- mothers-in-law</subfield>
    <subfield code="a">alcohol -- alcohol consumption</subfield>
    <subfield code="a">marital relations -- domestic abuse</subfield>
    <subfield code="a">marital relations -- economics -- personal finance</subfield>
    <subfield code="a">occupation -- actors</subfield>
    <subfield code="a">occupation -- actresses</subfield>
    <subfield code="a">theatrical life</subfield>
    <subfield code="a">vaudeville</subfield>
    <subfield code="a">violence</subfield>
  </datafield>
  <datafield ind1=" " ind2="7" tag="655">
    <subfield code="a">Plays.</subfield>
    <subfield code="2">rbgenr</subfield>
  </datafield>
  <datafield ind1=" " ind2="7" tag="655">
    <subfield code="a">Drama.</subfield>
    <subfield code="2">lcgft</subfield>
  </datafield>
  <datafield ind1="2" ind2=" " tag="710">
    <subfield code="a">Manuscript Plays Collection (Library of Congress)</subfield>
    <subfield code="5">DLC</subfield>
  </datafield>
  <datafield ind1=" " ind2=" " tag="852">
    <subfield code="a">Library of Congress</subfield>
    <subfield code="b">Rare Book and Special Collections Division</subfield>
    <subfield code="e">Washington, DC 20540 USA</subfield>
    <subfield code="n">dcu</subfield>
  </datafield>
  <datafield ind1="4" ind2="1" tag="856">
    <subfield code="d">varsep</subfield>
    <subfield code="f">s32152</subfield>
    <subfield code="u">https://hdl.loc.gov/loc.rbc/varsep.s32152</subfield>
  </datafield>
  <datafield ind1=" " ind2=" " tag="952">
    <subfield code="a">Converted from American Memory Variety Stage pseudomarc</subfield>
  </datafield>
  <datafield ind1=" " ind2=" " tag="985">
    <subfield code="a">rbc/scd</subfield>
  </datafield>
  <datafield ind1=" " ind2=" " tag="985">
    <subfield code="a">rbc/vars/ep</subfield>
  </datafield>
</record>
